| 000 | 01009nam a2200313 a 4500 | ||
|---|---|---|---|
| 001 | 58543 | ||
| 003 | CO-BoRNBP | ||
| 005 | 20250826165835.0 | ||
| 007 | ta | ||
| 008 | 990914s1998 ck gr 000 j spa | ||
| 020 | _a95814340005X | ||
| 020 | _a9789581434008 | ||
| 040 |
_aCO-BoBN _bspa _c0 |
||
| 082 | 0 | 4 |
_a813.44 _220 |
| 084 | _aC AGU3 | ||
| 100 | 1 |
_aAguilera Garramuño, Marco Tulio, _d1949- _963458 |
|
| 245 | 1 | 0 |
_aCuentos para despues de hacer el amor / _cMarco Tulio Aguilera Garramuño |
| 250 | _a3a. ed. colombiana | ||
| 300 |
_a211 p. ; _c21 cm |
||
| 336 |
_2rdacontent _atexto _btxt |
||
| 337 |
_2rdamedia _asin mediación _bn |
||
| 338 |
_2rdacarrier _avolumen _bnc |
||
| 650 |
_aLiteratura erótica _2LEMB _97983 |
||
| 650 |
_aNovela colombiana _ySiglo XX _2LEMB _9426 |
||
| 930 | _acjo | ||
| 942 |
_2ddc _cBK |
||
| 949 |
_aA 16287 _mD.SAMPER _lLIB/MODER _kLIB/MODER _tLIBRO _xDEP/LEGAL _zGENERAL _rY _sY |
||
| 949 |
_aPA 10951 _mPRESERVACI _lPRESERVACI _kPRESERVACI _tLIBRO _xDEP/LEGAL _zPRESERVACI _rY _sY |
||
| 999 |
_c58543 _d58543 |
||